| 000 | 00440pam a2200169 a 4500 | ||
|---|---|---|---|
| 020 | _cPAPER BACK | ||
| 041 | _h | ||
| 082 |
_a005.28 _bHAT/LEE |
||
| 100 | _aHATCH B. AND LEE J. | ||
| 245 |
_aHACKING LINUX EXPOSED 2ND ED _hTextual Documents |
||
| 250 | _a01-01-2005 | ||
| 260 | _bTATA MC GRAW HILL PUBLISHING CO.LTD., NEW DELHI | ||
| 300 |
_aXXVIII/724 _c23X18 |
||
| 500 | _a9502 | ||
| 653 | _aSYSTEM PROGRAMMING (T.E.) | ||
| 930 | _a9041 | ||
| 999 |
_c52266 _d52266 |
||